| 000 | 01171nam a22002417a 4500 | ||
|---|---|---|---|
| 003 | BD-DhUL | ||
| 005 | 20210831144948.0 | ||
| 008 | 180813s2018 bg ab||| b||| 000 0 ben | ||
| 020 | _a9840758179 (hbk) | ||
| 040 |
_aBD-DhUL _cBD-DhUL |
||
| 082 |
_a954.92 _bBAN |
||
| 245 | 1 | 0 |
_aবাংলা ও বাঙালির ইতিহাস : _bখণ্ড ৪, পর্ব ৫ / _cসম্পাদক অজয় রায়, শামসুজ্জামান খান। |
| 260 |
_aঢাকা : _bবাংলা একাডেমি, _c২০১৮ । |
||
| 300 |
_aখ. : _bচিত্র, মানচিত্র ; _c২২ সেমি. |
||
| 365 |
_aBDT _b400.00 |
||
| 504 | _aগ্রন্থপঞ্জিগত তথ্য সংবলিত । | ||
| 505 | _aসূচী : খ. ৪, pt. ৫। মার্চ ১৯৭১ - ডিসেম্বর ১৯৭২ । | ||
| 651 | 4 |
_aবাংলাদেশ _xইতিহাস । |
|
| 651 | 4 |
_aBangladesh _xHistory. |
|
| 700 | 1 |
_aরায়, অজয় _eসম্পা. |
|
| 700 | 1 |
_aখান, শামসুজ্জামান _eসম্পা. |
|
| 942 |
_2ddc _cBK |
||
| 999 |
_c254230 _d254230 |
||